| 000 | 00579nam a22001933a 4500 | ||
|---|---|---|---|
| 005 | 20230517063609.0 | ||
| 008 | 010914s1998 mx r 000 0 spa d | ||
| 020 | _a9701802489 | ||
| 035 | _aUPN01000111483 | ||
| 049 | _aCG | ||
| 050 | 4 |
_aF1219.73 _bN3.5 |
|
| 100 | 1 |
_aNavarrete Linares, Federico, _d1964- _931714 |
|
| 245 | 1 | 3 |
_aLa migración de los mexicas / _cFederico Navarrete Linares. |
| 260 |
_aMéxico : _bCNCA, Dirección General de Publicaciones, _c1998. |
||
| 300 |
_a63 p. : _bil. |
||
| 440 | 0 | _aTercer milenio | |
| 650 | 2 |
_aAztecas _xHistoria _92984 |
|
| 905 | _aLibro | ||
| 999 |
_c85391 _d85391 |
||